[Event "Asian Junior-ch 2017-Open"]
[Site "Shiraz"]
[Date "2017.05.07"]
[Round "6"]
[White "Firouzja, Alireza"]
[Black "Khodashenas, Mersad"]
[Result "1/2-1/2"]
[WhiteElo "2487"]
[BlackElo "2410"]
[Annotator "TA RC"]
[PlyCount "103"]
[EventDate "2017.??.??"]
[EventType "swiss"]
[EventCountry "IRI"]
[SourceTitle "playchess.com"]
[Source "ChessBase"]
[SourceQuality "1"]

{[%evp 12,103,27,24,34,7,10,3,30,21,49,20,18,21,45,42,58,44,50,26,37,0,0,0,0,0,0,0,0,0,0,0,0,13,9,0,0,0,0,-11,34,0,0,-42,21,21,27,17,16,-14,10,-67,-33,-62,-63,-95,-95,-97,-89,-117,-61,-58,-41,-39,-36,-52,-52,-52,-52,-63,-50,-50,-50,-63,-52,-53,-68,-48,-68,-60,-51,-43,-3,-3,0,0,0,-2,0,0,0,0,0,-6]} 1. e4 c5 2. Nf3 Nc6 3. Nc3 Nf6 4. Bb5 Nd4 5. e5 Nxb5 6. Nxb5 Nd5 7. O-O (7. c4 $5 {[%cal Rc4d5]} Nc7 8. Nxc7+ Qxc7 9. d4 $11) 7... a6 {B30: Sicilian: 2...Nc6 3 Bb5, lines without ...g6} 8. Nc3 Nxc3 9. dxc3 d5 (9... Qc7 10. Ng5 h6 11. Ne4 b6 12. Re1 e6 13. Qh5 Bb7 14. Bg5 hxg5 15. Qxh8 Qxe5 {0-1 (75) Le Roux,J (2522)-Jakubiec,A (2528) Mrzezyno 2011}) 10. exd6 exd6 11. Ng5 {Black must now prevent Re1+.} h6 12. Qh5 {[%csl Gg5][%cal Rh5f7] [#]} g6 13. Qe2+ $1 (13. Re1+ $2 Be7 $19) 13... Be7 14. Ne4 $1 Be6 15. b4 $146 ({Predecessor:} 15. c4) 15... Qc7 16. bxc5 (16. Rd1 $5 {[%cal Rc1f4]}) 16... dxc5 17. Rd1 Rd8 18. Re1 Kd7 19. c4 {next Bb2 is good for White.} Kc8 20. Bb2 Rhe8 21. Nf6 Bxf6 22. Bxf6 Rd7 23. Qe3 h5 24. a4 Qc6 25. Qf4 Rd6 26. Be5 Rdd8 27. Qg5 Bxc4 ({Black should play} 27... a5 $1 $15) 28. Bg3 $11 Rxe1+ 29. Rxe1 Re8 {[%cal Re8e1] [#]} 30. Rb1 Ba2 (30... h4 $5 31. Bxh4 (31. Qxh4 Qe4 $15) 31... Qd5 $11) 31. Rc1 (31. Rd1 $11 Qd5 32. Qc1 (32. Rxd5 $2 Re1#)) 31... f6 (31... Bd5 $6 32. f3 $11) 32. Qh6 Qe4 $1 {[%cal Re4e1] ( -> ...Qe1+!)} ({Much worse is} 32... Qxa4 $6 33. h4 $14 (33. Qxg6 $2 Qe4 $17)) 33. f3 Qe3+ ({Not} 33... Qxa4 34. Qxg6 Qd7 35. Qxh5 $14 (35. Qxf6 Qd4+ 36. Qxd4 cxd4 $11)) 34. Qxe3 Rxe3 $17 {[%mdl 4096] Endgame KRB-KRB} 35. c3 Bb3 (35... b6 $17 36. Rd1 Rxc3) 36. a5 $15 Kd7 37. Bf2 Re5 38. Rb1 c4 39. Bb6 Re2 40. Ra1 g5 41. h3 f5 42. Kf1 Rd2 43. Re1 Bc2 44. Re5 Bd3+ 45. Kg1 Kd6 46. Bd4 Ra2 47. g4 $1 {The position is equal.} Ra1+ 48. Kf2 Ra2+ 49. Kg1 Ra1+ 50. Kf2 hxg4 51. hxg4 Ra2+ 52. Kg1 {Precision: White = 58%, Black = 53%.} 1/2-1/2

[Event "Asian Junior-ch 2017-Open"]
[Site "Shiraz"]
[Date "2017.05.07"]
[Round "6"]
[White "Mousavi, Seyed Khalil"]
[Black "Tahbaz, Arash"]
[Result "0-1"]
[WhiteElo "2435"]
[BlackElo "2409"]
[Annotator "TA"]
[PlyCount "76"]
[EventDate "2017.??.??"]
[EventType "swiss"]
[EventCountry "IRI"]
[SourceTitle "playchess.com"]
[Source "ChessBase"]
[SourceQuality "1"]

{[%evp 11,76,11,23,7,0,5,18,-9,27,-26,-25,-100,-89,-73,-73,-115,-144,-143,-93,-160,-148,-135,-150,-134,-110,-126,-120,-129,-130,-129,-120,-124,-114,-150,-129,-183,-75,-89,-95,-147,-110,-126,-104,-178,-133,-110,-130,-122,-127,-174,-100,-562,-570,-731,-727,-714,-436,-714,-717,-689,-702,-831,-836,-836,-832,-816,-820]} 1. c4 c5 2. Nc3 Nc6 3. Nf3 e5 4. e3 {[%cal Be2e3,Be3d4,Bd4d5][%mdl 32]} Nf6 5. d4 cxd4 6. exd4 e4 7. Nd2 {A34: Symmetrical English: 2 Nc3, lines with ...d5} (7. Ne5 Bb4 8. Be2 Qa5 9. O-O Nxe5 10. dxe5 Qxe5 11. Bd2 Bc5 12. Nb5 O-O 13. b4 Be7 14. f4 Qe6 15. Be3 Bxb4 16. Nc7 {1-0 (47) Aronian,L (2805)-Caruana,F (2736) Wijk aan Zee 2012}) 7... Bb4 8. Nb3 h6 $146 ({Predecessor:} 8... O-O 9. Bg5 h6 10. Bh4 e3 11. fxe3 g5 12. Bf2 Ne4 13. Qc2 {1-0 (37) Grigoriants,S (2603)-Milliet,S (2362) London 2015}) 9. d5 {The position is equal.} Ne5 (9... Bxc3+ $5 10. bxc3 Ne5 $11) 10. Qd4 (10. Bd2 $142) 10... d6 $11 11. c5 (11. Be2 $11) 11... Bxc3+ $1 $17 12. bxc3 O-O 13. Ba3 Re8 $1 {Threatens to win with ...dxc5.} 14. O-O-O {[#]} e3 $1 {[%mdl 512] ...dxc5 is the strong threat.} 15. fxe3 (15. cxd6 $142 Nfg4 16. fxe3) (15. Qxe3 Nc4) 15... Neg4 16. Bb5 (16. cxd6 Bf5 $17) 16... Re4 17. Qd2 Rxe3 18. Bd3 {[#]} Rxd3 $1 {[%mdl 512]} 19. Qxd3 {aiming for Qd4.} Nf2 $1 {[%csl LRd1,LRd3,LRh1]} 20. Qd4 Nxd1 21. Rxd1 Bg4 22. Rd3 Bf5 23. Rf3 {[#]} (23. Re3 $17) 23... Bg6 (23... dxc5 $1 $19 {is more deadly.} 24. Bxc5 (24. Nxc5 Bg6 $17) 24... Qd7) 24. cxd6 Ne4 25. Nd2 (25. Rf4 $142 Qg5 26. g3) 25... Nxd6 {Strongly threatening ...Nb5.} 26. Qe5 (26. Qb4 $2 Qe7 $19) 26... Nb5 $36 {[%mdl 2048] Black is in control.} 27. Bb2 (27. c4 $17 Nxa3 28. Rxa3) 27... Rc8 ({Don't take} 27... f6 28. Qe6+ (28. Qg3 Kh7 $17) 28... Kh7 29. Rg3 $15) 28. c4 {[%csl Gb2][%cal Re5g7] [#]} f6 $1 {[%cal Rf6e5]} 29. Qe6+ Kh7 {And now ...Nc7 would win.} 30. Qg4 Qe8 ({Black should try} 30... Rc7 $19 {White must now prevent ...Qe8.} 31. Qf4 (31. Rg3 $2 Qe8 $19) 31... Nd6) 31. Qg3 $2 {[%mdl 8192] [#]} (31. Qe6 $17 {is more resistant.}) 31... Nd6 $1 $19 {[%cal Bb5d6,Bd6c4,Bc4e3][%mdl 544] Black is clearly winning.} 32. Rf4 (32. Qxd6 Qe1#) 32... Qe2 33. Qf3 Qe1+ 34. Qd1 Qe3 {( -> ...Nxc4)} 35. Qf3 Nxc4 {[%csl Gc4][%cal Re3d2]} 36. Bc3 Qe1+ 37. Qd1 Qxd1+ 38. Kxd1 Ne3+ {Precision: White = 33%, Black = 74%.} 0-1

[Event "Asian Junior-ch 2017-Open"]
[Site "Shiraz"]
[Date "2017.05.07"]
[Round "6"]
[White "Harsha Bharathakoti"]
[Black "Korevand, Sina"]
[Result "1-0"]
[WhiteElo "2413"]
[BlackElo "2198"]
[Annotator "TA"]
[PlyCount "85"]
[EventDate "2017.??.??"]
[EventType "swiss"]
[EventCountry "IRI"]
[SourceTitle "playchess.com"]
[Source "ChessBase"]
[SourceQuality "1"]

{[%evp 12,85,55,36,53,45,68,27,71,62,60,68,64,51,103,-20,-4,-18,0,-8,-24,0,295,289,237,273,265,267,234,271,293,262,255,237,281,249,290,268,263,243,253,180,181,167,243,251,261,212,273,243,241,251,376,362,480,466,575,579,668,676,629,573,571,570,567,567,535,550,535,538,864,620,1088,1022,1218,1122]} 1. d4 Nf6 2. c4 g6 3. Nc3 Bg7 4. e4 O-O 5. Be2 d6 6. Be3 Nc6 7. d5 Ne5 {E73: King's Indian: Averbakh Variation without 6...c5} 8. f4 Ned7 (8... Neg4 9. Bd2 Nh6 10. Nf3 c6 11. O-O cxd5 12. cxd5 b5 13. Bd3 b4 14. Na4 Bd7 15. Kh1 {1-0 (62) Sokolov,I (2623)-Van Foreest,J (2615) Hoogeveen 2016}) 9. Nf3 c6 $146 {White has an edge.} ({Predecessor:} 9... e6 10. dxe6 fxe6 11. Ng5 Qe7 12. O-O h6 13. Nh3 a6 14. Qd2 {1-0 (60) Wiedenkeller,M (2472)-Larsson,A (2253) Falun 2012}) 10. Nd2 e5 11. dxe6 fxe6 12. O-O $36 {[%mdl 2048] White is more active.} e5 ({Black should play} 12... Qe7 $14) 13. Nb3 (13. f5 $16) 13... exf4 $11 14. Bxf4 Ne5 15. c5 Ne8 16. Qd2 Qc7 $2 {[%mdl 8192]} (16... Qe7 $11) 17. Bxe5 $1 $18 Bxe5 18. Bc4+ Kg7 19. Rxf8 Kxf8 20. Rf1+ Kg7 {[#]} 21. Rf7+ $1 Qxf7 22. Bxf7 Kxf7 23. cxd6 Bxd6 24. Na5 Bc7 25. b4 Nf6 26. Nc4 Be6 27. Nd6+ Kg7 (27... Kg8 {keeps fighting.}) 28. Nxb7 Rf8 29. Qd4 {Strongly threatening Nc5.} Bc8 30. Nc5 ({Inferior is} 30. Qxa7 Rf7 $14) 30... Rd8 31. Qc4 Re8 (31... Ng4 $142) 32. h3 Nh5 33. Ne2 {White is clearly winning.} ({But not} 33. b5 cxb5 34. Ne6+ Bxe6 $18) 33... Bb6 34. a4 Nf6 35. a5 Rxe4 {[#]} 36. axb6 $1 {[%mdl 512]} Rxc4 (36... axb6 37. Nxe4) 37. bxa7 Rxc5 38. a8=Q (38. bxc5 $2 {too greedy.} Bb7 $19) 38... Re5 39. Qxc8 {Threatens to win with Qc7+.} Rxe2 40. Qxc6 Nh5 41. b5 {[%cal Bb4b5,Bb5b6,Bb6b7][%mdl 32]} g5 42. b6 Nf4 43. b7 {Precision: White = 75%, Black = 41%.} 1-0

[Event "Asian Junior-ch 2017-Open"]
[Site "Shiraz"]
[Date "2017.05.07"]
[Round "6"]
[White "Tran, Minh Thang"]
[Black "Gholami, Aryan"]
[Result "0-1"]
[WhiteElo "2409"]
[BlackElo "2423"]
[Annotator "TA RC"]
[PlyCount "120"]
[EventDate "2017.??.??"]
[EventType "swiss"]
[EventCountry "IRI"]
[SourceTitle "playchess.com"]
[Source "ChessBase"]
[SourceQuality "1"]

{[%evp 9,120,58,61,33,78,16,10,0,31,31,42,30,50,39,39,39,39,33,60,48,67,31,45,33,35,32,35,0,35,33,56,0,26,0,10,7,27,27,26,26,21,37,37,30,83,85,115,102,120,81,77,77,80,81,76,63,75,66,75,61,79,27,28,23,38,0,44,52,56,54,54,60,53,59,55,66,76,58,74,70,64,66,58,8,10,0,-21,-40,-33,-22,-19,-157,-141,-136,-14,-272,-274,-627,-620,-638,-515,-504,-504,-1130,-1088,-1260,-954,-5716,-6590,-5306,-1878,-2249,-1702]} 1. d4 Nf6 2. Nf3 b6 3. c4 Bb7 4. g3 Bxf3 5. exf3 e6 6. Bg2 {A50: Queen's Fianchetto Defence (1 d4 Nf6 2 c4 b6)} d5 7. b3 (7. O-O $16) (7. O-O Be7 8. f4 c6 9. b3 Na6 10. Nd2 O-O 11. Nf3 Qc7 12. Bb2 Rac8 13. Rc1 {1-0 (35) Aronian,L (2813)-Lysyj,I (2648) Tromsoe 2013}) 7... Bb4+ $146 ({Predecessor:} 7... Nc6 8. O-O Qd7 9. Bb2 Rd8 10. f4 Be7 11. Nd2 O-O 12. Nf3 dxc4 13. bxc4 {½-½ (39) Mac Intyre,P (2144)-Messenger,R (2054) Boston 1984}) 8. Bd2 {The position is equal.} Be7 9. Bc3 O-O 10. O-O c6 11. Nd2 a5 12. f4 Bb4 13. Qc2 Na6 14. Rfd1 Rc8 15. Nf1 Qe7 16. Ne3 g6 17. Bb2 Ba3 18. Bc3 Rfd8 19. Qe2 Nc7 20. Re1 Bb4 21. Bxb4 Qxb4 22. Red1 Rd7 23. Nc2 {[%cal Be3c2,Bc2e1,Be1d3,Bd3c5][%mdl 32]} Qf8 24. Ne1 Nce8 25. Nd3 $36 {[%mdl 2048] White fights for an advantage.} Nd6 26. c5 Nf5 (26... bxc5 $11 {remains equal.} 27. Nxc5 Ra7) 27. g4 $16 Ne7 28. cxb6 Rb7 29. Nc5 Rxb6 30. g5 Nh5 31. Nd7 Qd8 32. Nxb6 Qxb6 33. Qe5 Qb8 34. Rac1 Nxf4 35. Qxb8 ({White should play} 35. Rc5 $16) 35... Rxb8 $11 36. Rc5 Ra8 37. a4 Kf8 (37... Nf5 $5 {[%cal Rf5d4]}) 38. Bf1 Ke8 39. Rb1 e5 40. dxe5 Ne6 41. Rc3 Rb8 42. h4 Kd7 43. Bh3 Nf5 $1 44. Bxf5 gxf5 $16 {[%mdl 4096] Endgame KRR-KRN} 45. Kg2 Rb4 46. Kg3 Rg4+ 47. Kf3 Rxh4 {[#] ...Rh3+ is the strong threat.} 48. Ke2 Nxg5 49. Rg1 Ne4 50. Rcc1 (50. Rd3 $11) 50... Rh2 $17 51. Rcf1 Ke6 (51... f4 $17 {White must now prevent ...Ng3+.} 52. Ke1 (52. Kd3 $2 Ke6 $19) 52... Rh3) 52. Ke3 $2 {[%mdl 8192]} (52. b4 $11) 52... Kxe5 $19 {Hoping for ...f4+.} 53. f4+ $2 (53. Ke2) 53... Kd6 {Black is clearly winning.} 54. Rh1 Rd2 55. Rh6+ Kc5 56. Rc1+ (56. Rh5 $142 Rc2 57. Kf3) 56... Kb4 57. Rd6 c5 ({Not} 57... Nxd6 58. Kxd2 Ne4+ 59. Kc2 $15) 58. Rb6+ Ka3 {[#] ( -> ...d4+)} 59. Rf1 d4+ 60. Kf3 Ra2 {Precision: White = 46%, Black = 65%.} 0-1

[Event "Asian Junior-ch 2017-Open"]
[Site "Shiraz"]
[Date "2017.05.07"]
[Round "6"]
[White "Mohammad Nubairshah Shaikh"]
[Black "Baneshi, Mahan"]
[Result "1-0"]
[WhiteElo "2408"]
[BlackElo "1971"]
[Annotator "TA"]
[PlyCount "49"]
[EventDate "2017.??.??"]
[EventType "swiss"]
[EventCountry "IRI"]
[SourceTitle "playchess.com"]
[Source "ChessBase"]
[SourceQuality "1"]

{[%evp 24,49,75,68,231,235,282,272,291,235,322,325,323,327,316,331,443,433,1046,973,29989,29990,29990,29991,29995,29996,29998,29999]} 1. d4 Nf6 2. c4 c5 3. d5 e6 4. Nc3 exd5 5. cxd5 d6 6. e4 g6 7. h3 Bg7 8. Nf3 {[%cal Bg1f3,Bf3g5,Bg5e6][%mdl 32]} O-O 9. Bd3 b5 10. Nxb5 Nxe4 11. Bxe4 Re8 12. Ng5 h6 {[#] A70: Modern Benoni: 6 e4 g6 7 Nf3} (12... Qa5+ 13. Nc3 Ba6 14. Bd2 Nd7 15. Qc2 Rab8 16. O-O-O Ne5 17. Rhe1 Rec8 18. Na4 Rb4 19. f4 Nc4 20. Bf5 Rcb8 21. Bxb4 Qxb4 {½-½ (37) Jobava,B (2717)-Mamedyarov,S (2764) Tashkent 2014}) 13. Ne6 $1 {[%cal Re6d8] LiveBook: 21 Games} fxe6 $2 {[#]} ({Better is} 13... Qa5+ $1 $14 14. Nc3 Bxc3+ 15. bxc3 Qxc3+ 16. Bd2 Qc4) 14. O-O $1 $18 ({Not} 14. Bxg6 Qa5+ 15. Nc3 Bxc3+ 16. bxc3 Qxc3+ 17. Bd2 Qe5+ 18. Be3 Ba6 $16) 14... e5 {White is clearly better.} 15. Bxg6 Re7 16. Re1 $146 {[%cal Bf1e1,Be1e3,Be3g3,Bg3g6][%mdl 32]} ({Predecessor:} 16. Qh5 Ba6 17. a4 Bxb5 18. axb5 Qf8 19. Ra3 Nd7 20. Rf3 {1-0 (35) Masek,M (2215)-Bauma,J (2258) Czechia 2001}) 16... a6 17. Nc3 {[%cal Bb5c3,Bc3e4,Be4f6][%mdl 32]} Nd7 18. Ne4 Nf8 19. Qh5 Rb8 20. Bxh6 Rxb2 (20... Bxh6 $142 21. Qxh6 Rg7) 21. Re3 Bxh6 22. Nf6+ {White mates.} Kg7 23. Rg3 Bf4 24. Be8+ Kxf6 {[#]} 25. Rg6+ $1 {[%mdl 512] Precision: White = 86%, Black = 14%.} 1-0

[Event "Asian Junior-ch 2017-Open"]
[Site "Shiraz"]
[Date "2017.05.07"]
[Round "6"]
[White "Khademi, Mahdi"]
[Black "Suleymenov, Alisher"]
[Result "1/2-1/2"]
[WhiteElo "2019"]
[BlackElo "2338"]
[Annotator "TA"]
[PlyCount "111"]
[EventDate "2017.??.??"]
[EventType "swiss"]
[EventCountry "IRI"]
[SourceTitle "playchess.com"]
[Source "ChessBase"]
[SourceQuality "1"]

{[%evp 14,111,33,26,29,36,73,72,69,73,87,66,66,43,70,75,67,66,68,60,77,71,78,78,101,101,97,95,104,57,92,65,108,86,101,92,120,87,147,149,182,185,175,137,227,175,182,147,155,132,179,163,149,137,161,143,174,163,277,256,273,272,256,256,291,253,402,377,387,365,358,359,358,358,335,-94,-122,-104,9,0,0,0,0,0,26,26,86,93,85,78,110,99,95,13,14,14,16,0,14,14]} 1. e4 c5 2. Nf3 d6 3. Bb5+ Nc6 4. Bxc6+ bxc6 5. O-O e5 6. c3 Bg4 7. h3 {B51: Sicilian: Moscow Variation (3 Bb5+) without 3...Bd7} Bh5 8. d4 {LiveBook: 3 Games} (8. Re1 Be7 9. d3 Nf6 10. Nbd2 O-O 11. Nf1 Nd7 12. Ng3 Bg6 13. Nf5 Re8 14. Nxe7+ {½-½ (14) Baklan,V (2639)-Moiseenko,A (2646) Kemer 2007}) 8... cxd4 9. cxd4 {White has an edge.} Qc7 $146 ({Predecessor:} 9... Bxf3 10. Qxf3 exd4 11. e5 d5 12. Nd2 Qd7 13. Nb3 c5 14. Bg5 h6 {½-½ (80) Carlsson,P (2439)-Winsnes,R (2407) Sweden 2016}) 10. dxe5 dxe5 11. Be3 Nf6 12. Nbd2 Be7 13. Qc2 {aiming for Nxe5!} O-O 14. Rac1 Rfc8 15. Nh4 Nd7 16. Nf5 Bf8 17. f3 Bg6 18. Nh4 Be7 19. Nxg6 hxg6 20. Rfd1 {[%cal Bf1d1,Bd1d3,Bd3c3][%mdl 32]} Nf8 21. Nb3 g5 22. Rd3 Ne6 23. Rc3 {[%cal Rc3c6]} Nd8 24. Bc5 Bf6 25. Kh2 g6 (25... Ne6 $142) 26. Be3 $16 Kg7 27. Nc5 Qe7 28. Rd3 Rc7 (28... Ne6 $16) 29. Rcd1 Ne6 30. Nxe6+ Qxe6 31. b3 Rac8 32. Rd6 Qe8 33. Qc3 c5 34. Qc4 Rc6 35. Rd7 a6 (35... R6c7 $142 36. Rxc7 Rxc7) 36. Ra7 $18 R8c7 37. Rxc7 Rxc7 38. Qxa6 ({Don't play} 38. Bxc5 $6 Be7 $16) 38... Qb8 39. Qc4 Ra7 (39... Qb4 {keeps fighting.} 40. Rc1 Qa5) 40. Rd2 Qa8 41. a4 Rc7 42. Rd5 Be7 43. Bxc5 g4 44. Qb4 $2 {[#]} ({Resist} 44. hxg4 Qh8+ 45. Kg1 Qh4) ({Better is} 44. fxg4 $18 {Hoping for a5.} Rxc5 45. Rxc5 Bxc5 46. Qxc5 Qxe4 47. b4) 44... Rxc5 $1 $17 45. Rxc5 gxf3 (45... Qf8 $17 46. Qc3 Bxc5 47. Qxe5+ Kg8) 46. Qc4 {Strongly threatening Rd5.} ({Don't take} 46. gxf3 $2 Qf8 $17) 46... Bxc5 47. Qxc5 Qxe4 {( -> ...Qe2)} 48. gxf3 $11 {[%mdl 4096] Endgame KQ-KQ} Qf4+ 49. Kg2 Qg5+ (49... Qd2+ $11 50. Qf2 Qc3) 50. Kf1 $16 Qg3 51. Ke2 Qg2+ 52. Qf2 Qxh3 53. b4 ({White should play} 53. Qe3 $16) 53... Qe6 $11 {The position is equal.} 54. Qc5 Qa2+ 55. Kf1 Qxa4 (55... e4 $5) 56. Qxe5+ {Precision: White = 49%, Black = 47%.} 1/2-1/2

[Event "Asian Junior-ch 2017-Open"]
[Site "Shiraz"]
[Date "2017.05.07"]
[Round "6"]
[White "Koniahli, Malek"]
[Black "Moradi, Amirmasoud"]
[Result "1-0"]
[WhiteElo "1995"]
[BlackElo "2218"]
[Annotator "TA"]
[PlyCount "35"]
[EventDate "2017.??.??"]
[EventType "swiss"]
[EventCountry "IRI"]
[SourceTitle "playchess.com"]
[Source "ChessBase"]
[SourceQuality "1"]

{[%evp 23,35,-12,0,-11,-3,-1,8,0,0,0,29978,29979,29979,2589]} 1. e4 e5 2. Nf3 Nc6 3. Bb5 {[%cal Bf1b5,Bb5a4,Ba4b3][%mdl 32]} a6 4. Ba4 Nf6 5. O-O Be7 6. Re1 b5 7. Bb3 O-O 8. c3 d5 9. exd5 Nxd5 10. d4 exd4 11. Nxd4 Nxd4 12. cxd4 Bb7 13. Nc3 {[#] Black must now prevent Nxd5. C89: Closed Ruy Lopez: Marshall Attack} Nxc3 (13... Bf6 14. Ne4 Re8 15. a4 Nb4 16. Nc5 Bd5 17. Rxe8+ Qxe8 18. Bd2 Bxb3 19. Qxb3 Nc6 20. d5 bxa4 21. Qxa4 {½-½ (37) Degerhammar,R (2456)-Duliba,E (2548) ICCF email 2009}) 14. bxc3 Qd7 $146 ({Predecessor:} 14... Bd6 15. Qg4 Qc8 16. Qxc8 Raxc8 17. a4 b4 18. Bd2 bxc3 19. Bxc3 c5 20. dxc5 Bxc5 21. Rac1 Ba3 22. Rc2 Rfd8 23. Ba5 Rxc2 24. Bxd8 Rc1 25. Rxc1 {½-½ (25) Henderson,D (2073)-Mansson,J (2078) England 2015}) 15. Bf4 Rfe8 16. Qh5 g6 $2 {[%mdl 8192] [#]} (16... Bd6 $11 17. Be5 g6) 17. Bxf7+ $1 {[%mdl 512]} Kg7 (17... Kxf7 18. Qxh7+) 18. Qh6+ 1-0

[Event "Asian Junior-ch 2017-Open"]
[Site "Shiraz"]
[Date "2017.05.08"]
[Round "7"]
[White "Mosadeghpour, Masoud"]
[Black "Tahbaz, Arash"]
[Result "1-0"]
[WhiteElo "2444"]
[BlackElo "2409"]
[Annotator "TA"]
[PlyCount "107"]
[EventDate "2017.??.??"]
[EventType "swiss"]
[EventCountry "IRI"]
[SourceTitle "playchess.com"]
[Source "ChessBase"]
[SourceQuality "1"]

{[%evp 23,107,-27,-14,-10,-6,-34,0,0,0,0,0,0,28,31,54,48,54,78,53,18,32,13,52,20,61,30,32,33,79,70,77,88,79,77,73,83,95,25,24,24,33,0,41,32,50,45,37,47,94,94,99,100,116,122,118,100,93,62,88,89,83,90,102,87,95,168,306,305,281,297,5106,5138,2513,2548,2062,1856,1273,1239,29974,29976,29973,29977,29975,29975,29977,29977]} 1. Nf3 Nf6 2. g3 e6 3. Bg2 d5 4. d4 Be7 5. O-O O-O 6. Nbd2 c5 7. dxc5 Bxc5 8. c4 Nc6 9. cxd5 exd5 10. Nb3 Bb6 11. Nbd4 Ne4 {D30: Queen's Gambit Declined: Systems without Nc3} (11... Re8 12. b3 Bg4 13. Bb2 Rc8 14. Nxc6 bxc6 15. Ne5 Bh5 16. Bf3 Bxf3 17. exf3 Nd7 18. f4 Nxe5 19. fxe5 d4 20. Re1 Qd5 {0-1 (50) Kunin,V (2592)-Safarli,E (2678) Biel 2016}) 12. Be3 Re8 {LiveBook: 5 Games} 13. Nc2 $146 ({Predecessor:} 13. Rc1 Bd7 14. Qb3 Bxd4 15. Nxd4 Nxd4 16. Bxd4 Nd2 17. Qxb7 Nxf1 18. Kxf1 Rc8 19. Rxc8 Qxc8 20. Qxc8 Rxc8 21. Bxd5 Rd8 22. e4 a6 {½-½ (22) Thaler,T (2186)-Berczes,D (2495) Biel 2005}) 13... Bg4 {The position is equal.} 14. Rb1 Ba5 15. Nfd4 Bh5 16. Nxc6 bxc6 17. Nd4 Qd7 18. Rc1 $36 {[%mdl 2048] White has some pressure.} Bb6 19. Nxc6 Bxe3 20. fxe3 Nf6 {[%cal Be4f6,Bf6g4,Bg4e3][%mdl 32]} 21. Qd2 Bg6 22. Nd4 Re5 23. Qa5 h5 24. Rc3 (24. Rc7 $5 {[%cal Rc7d7]} Qe8 25. Qc5 $14) 24... Qe8 25. Qa3 Ng4 {[%cal Rg4e3]} 26. Nc6 $1 {Hoping for Bxd5!} Rxe3 27. Rxe3 ({Much worse is} 27. Bxd5 Rxe2 28. Ne7+ Kh7 $11) 27... Qxe3+ 28. Qxe3 Nxe3 29. Rc1 Kf8 30. Ne5 (30. Bf3 $16) 30... Bf5 $11 31. Bf3 Re8 32. Nd3 g5 33. Bxh5 Bxd3 34. exd3 $14 {[%mdl 4096] Endgame KRB-KRN} g4 35. d4 {Rc7 is the strong threat.} Re4 36. Rc7 f5 37. Rxa7 Rxd4 38. Kf2 Re4 39. Rf7+ Kg8 40. Rd7 {Strongly threatening Bf7+.} d4 41. Bf7+ Kf8 {[#]} 42. Bb3 $1 Ke8 43. Ba4 {aiming for Rxd4+.} Nd1+ 44. Kf1 {Black must now prevent Rxd4+.} Nxb2 {[#]} (44... Ne3+ $142 45. Kg1 Kf8) 45. Bc6 $1 $18 Re6 46. Bb5 Re4 $2 (46... Kf8 47. Rxd4 Re5) 47. Rxd4+ $1 Ke7 48. Rxe4+ fxe4 {KB-KN} 49. Ke2 Kd6 50. Kd2 Kc5 51. Kc2 {White mates.} Kxb5 52. Kxb2 Kc4 53. Kc2 Kd4 54. Kd2 {Precision: White = 75%, Black = 33%.} 1-0

[Event "Asian Junior-ch 2017-Open"]
[Site "Shiraz"]
[Date "2017.05.08"]
[Round "7"]
[White "Gholami, Aryan"]
[Black "Koniahli, Malek"]
[Result "1-0"]
[WhiteElo "2423"]
[BlackElo "1995"]
[Annotator "TA"]
[PlyCount "121"]
[EventDate "2017.??.??"]
[EventType "swiss"]
[EventCountry "IRI"]
[SourceTitle "playchess.com"]
[Source "ChessBase"]
[SourceQuality "1"]

{[%evp 18,121,47,31,31,31,42,39,40,31,39,39,40,40,66,46,70,59,84,75,103,101,114,112,121,117,119,109,106,90,110,92,91,91,89,58,59,59,92,64,73,62,82,75,118,118,131,132,143,55,101,107,134,121,117,113,110,106,120,0,82,85,82,80,120,81,81,80,320,320,320,313,332,312,838,761,825,827,818,801,1909,1904,1808,1667,1549,475,462,413,461,456,694,677,689,696,650,637,726,724,1118,1028,1118,1061,6523,6427,2235,1652]} 1. e4 c6 2. Nc3 d5 3. Nf3 dxe4 4. Nxe4 Nd7 5. d4 Ngf6 6. Nxf6+ Nxf6 7. c3 Bg4 8. h3 Bxf3 9. Qxf3 e6 10. Bc4 {[%cal Bf1c4,Bc4b3,Bb3c2][%mdl 32]} h6 {B17: Caro-Kann: Modern Line (4...Nd7)} (10... Bd6 11. O-O O-O 12. Bb3 a5 13. c4 e5 14. dxe5 Bxe5 15. Rb1 Re8 16. Bc2 Bd4 17. Bg5 h6 18. Bxf6 Qxf6 19. Qxf6 Bxf6 20. Rfe1 Rxe1+ 21. Rxe1 Kf8 22. b3 Re8 23. Rxe8+ {½-½ (23) Jakovenko,D (2736)-Anand,V (2788) Moscow 2009}) 11. O-O Bd6 12. Re1 O-O {White is slightly better.} 13. Bb3 $146 ({Predecessor:} 13. Bd2 Re8 14. Rad1 Be7 15. Bb3 Nh7 16. Re2 Bg5 17. Be1 {1-0 (47) Djurovic,G (2036)-Popovic,B Sv Filip i Jakov 2005}) 13... Rc8 14. Bd2 Re8 15. Rad1 Nh7 16. Bc2 Nf8 17. Bc1 Bb8 18. Qg4 f5 19. Qf3 Qd5 20. Qh5 Qd6 21. g3 Qd7 22. Bb3 Qf7 23. Qf3 Qf6 24. Re2 Re7 25. Rde1 Rce8 26. Bf4 Bxf4 27. Qxf4 Nd7 28. Qd6 Nf8 29. a4 Kf7 30. Re5 h5 31. h4 g5 32. hxg5 Qxg5 33. Qc5 (33. a5 $16) 33... Kf6 34. R5e3 a6 35. Kg2 Kg7 36. f4 Qg6 37. Qd6 Rd7 38. Qc5 Rde7 $1 39. a5 $36 {[%mdl 2048] Keeping Black busy.} Kh7 40. Bc2 Rf7 41. Rh1 {And now Bd1 would win.} Nd7 42. Qd6 Nf6 $2 (42... Rfe7 $16) 43. Rxe6 $18 Rg7 44. Rh3 Rd7 {[#]} 45. Qe5 $1 Rd5 $2 (45... Rxe6 46. Qxe6 Kg7 47. Bxf5 Qf7 48. Qxf7+ Rxf7) 46. Rxf6 {Intending Qc7+ and mate.} Rdxe5 47. dxe5 Qxf6 48. exf6 {[%mdl 4096] Endgame KRB-KR} Re2+ 49. Kf3 Rxc2 50. Rxh5+ {KR-KR} Kg6 {[#]} 51. f7 (51. Rxf5 $142 $3 {[%mdl 512] Strongly threatening f7!} Kf7 (51... Kxf5 52. f7) 52. g4) 51... Kxf7 52. Rh7+ Ke6 53. Rxb7 {White is clearly winning.} Kd6 (53... Rh2 $142 54. Rb6 Kd5 55. c4+ Kc5) 54. g4 fxg4+ 55. Kxg4 Rg2+ 56. Kf5 Rh2 57. Kf6 Rf2 58. f5 Rg2 59. Rb4 c5 60. Rb6+ Kd5 61. Kf7 {Precision: White = 68%, Black = 36%.} 1-0